000 01477nam a2200385Ia 4500
001 ebr10718812
003 CaPaEBR
006 m o u
007 cr cn|||||||||
008 130401s2013 inu s 001 0 eng d
010 _z 2013001956
020 _z9780253009241 (cloth : alk. paper)
020 _z9780253009333 (pbk. : alk. paper)
020 _z9780253009456 (electronic book)
040 _aCaPaEBR
_cCaPaEBR
035 _a(OCoLC)847951450
050 1 4 _aB2430.D484
_bK73 2013eb
082 0 4 _a194
_223
100 1 _aKrell, David Farrell.
245 1 0 _aDerrida and our animal others
_h[electronic resource] :
_bDerrida's final seminar, "The beast and the sovereign" /
_cDavid Farrell Krell.
260 _aBloomington, Indiana :
_bIndiana University Press,
_c2013.
300 _axviii, 174 p.
490 0 _aStudies in Continental thought
500 _aIncludes index.
533 _aElectronic reproduction.
_bPalo Alto, Calif. :
_cebrary,
_d2013.
_nAvailable via World Wide Web.
_nAccess may be limited to ebrary affiliated libraries.
600 1 0 _aDerrida, Jacques.
650 0 _aPhilosophy, French
_y20th century.
650 0 _aPower (Philosophy)
650 0 _aSovereignty.
650 0 _aResponsibility.
650 0 _aAnimals (Philosophy)
655 7 _aElectronic books.
_2local
710 2 _aebrary, Inc.
856 4 0 _uhttp://site.ebrary.com/lib/rucke/Doc?id=10718812
_zAn electronic book accessible through the World Wide Web; click to view
999 _c28044
_d28044